| 000 | 01142nam a22003490a 4500 | ||
|---|---|---|---|
| 001 | PT19913 | ||
| 003 | AR-LpoUNG | ||
| 005 | 20210131232902.0 | ||
| 008 | 191001s1987||||ag |||||||||||||||||spa d | ||
| 020 |
_a9504314577 _c$2.66 |
||
| 040 |
_aAR-LpoUNG _bspa _cAR-LpoUNG _eaacr |
||
| 041 | _aspa | ||
| 044 | _aag | ||
| 082 | 0 | _a982.063 97cri | |
| 100 | 1 | _aKvaternik, Eugenio | |
| 245 | 1 | 0 |
_aCrisis sin salvataje : _bla crisis político-militar de 1962-63 |
| 250 | _a1ª edición | ||
| 260 |
_aBuenos Aires : _bIDES, _c1987. |
||
| 300 |
_a149 p. : _btbls. |
||
| 520 | _aLa caída de Frondizi, los conflictos político-militares que culminarían con el enfrentamiento entre -azules- y -colorados-, el fracaso de las negociaciones frentistas y la elección de Illia, son algunas de las tematicas que aborda el autor. | ||
| 650 | 4 | _aANALISIS HISTORICO | |
| 650 | 4 | _aARGENTINA | |
| 650 | 4 | _aASPECTOS POLITICOS | |
| 650 | 4 | _aCONFLICTOS POLITICOS | |
| 650 | 4 | _aCRISIS POLITICA | |
| 650 | 4 | _aHISTORIA | |
| 650 | 4 | _aHISTORIA POLITICA | |
| 650 | 4 | _aPROBLEMAS POLITICOS | |
| 651 | 4 | _aArgentina | |
| 905 | _a19913 | ||
| 942 | _cLIB | ||
| 999 |
_c18027 _d18027 |
||